| 000 | 00623nam a2200229Ia 4500 | ||
|---|---|---|---|
| 003 | OSt | ||
| 005 | 20220928135915.0 | ||
| 006 | a|||||r|||| 00| 0 | ||
| 007 | ta | ||
| 008 | 220927b |||||||| |||| 00| 0 eng d | ||
| 024 | _a5445 | ||
| 037 | _cTextual | ||
| 040 |
_aSDCL _cSDCL _beng |
||
| 041 |
_2eng _aeng |
||
| 082 | _aX.5'N14<-L89, K9 | ||
| 100 |
_aCrouzet F Ed. _9493162 |
||
| 245 | 0 | _aEssays in European economic history 1789-1914 | |
| 260 | _c1969 | ||
| 700 |
_a Chaloner W H Ed. _9493163 |
||
| 942 |
_hX.5'N14<-L89, K9 _cTEXL _2CC |
||
| 999 |
_c808903 _d808903 |
||